00443nam a2200169Ia 4500003000400000005001700004008004100021020001400062040000700076041000800083082001500091100002800106245007400134260003800208300001400246365001300260OSt20230417112948.0210423s2007 xx 000 0 und d a393093794 cAL aeng a821.8 TENA aTENNYSON (Alfred Lord). aIn memoriam: an authoritative text backgrounds and sources criticism. aNew YorkbW W Norton & Co.,c2007 ax,261bPB b225cINR